[Event "41st WGM"]
[Site "Belgrade SRB"]
[Date "2009.03.09"]
[Round "7"]
[White "Maksimovic,S"]
[Black "Meenakshi,Sub"]
[Result "1/2-1/2"]
[WhiteElo "2284"]
[BlackElo "2327"]
[EventDate "2009.03.03"]

1. d4 d5 2. c4 dxc4 3. Nf3 Nf6 4. e3 e6 5. Bxc4 c5 6. O-O a6 7. Qe2 Nc6 8.
Rd1 cxd4 9. exd4 Be7 10. Nc3 Nb4 11. Bg5 O-O 12. d5 Nbxd5 13. Bxd5 exd5 14.
Bxf6 Bxf6 15. Nxd5 Bf5 16. Qe3 Re8 17. Qf4 Bc2 18. Rd2 Rc8 19. Nc3 Bd3 20.
Rad1 Bxc3 21. Rxd3 Qf6 22. Qxf6 Bxf6 23. R3d2 g6 24. g3 Rc7 25. Rd7 Rxd7
26. Rxd7 b5 27. b3 Re6 28. Kf1 Bc3 29. h4 h6 30. Rc7 b4 31. a3 Rd6 32. axb4
Bxb4 33. Ke2 Kg7 34. Ne5 Re6 35. f4 Be7 36. Kd3 g5 37. hxg5 hxg5 38. Kc4
gxf4 39. gxf4 Kf6 40. Kd5 Rd6+ 41. Ke4 Rd1 42. Ng4+ Ke6 43. Rc6+ Rd6 44.
f5+ Kd7 45. Ne5+ Ke8 46. Rxd6 Bxd6 47. Kd5 Bc7 48. b4 Ke7 49. Nxf7 Kxf7 50.
Kc6 a5 1/2-1/2

[Event "41st WGM"]
[Site "Belgrade SRB"]
[Date "2009.03.09"]
[Round "7"]
[White "Chelushkina,I"]
[Black "Rakic,Ma"]
[Result "1-0"]
[WhiteElo "2359"]
[BlackElo "2284"]
[EventDate "2009.03.03"]

1. g3 Nf6 2. Bg2 g6 3. c4 Bg7 4. Nc3 O-O 5. d3 c6 6. e4 d6 7. Nge2 Na6 8.
O-O Nc7 9. a4 Rb8 10. Be3 b6 11. h3 a5 12. f4 Nd7 13. Rf2 e5 14. d4 c5 15.
dxe5 dxe5 16. f5 Qe7 17. Kh2 Ba6 18. Qb3 Rfd8 19. Raf1 f6 20. g4 Ne8 21.
Nd5 Qf7 22. fxg6 hxg6 23. Qc2 Nd6 24. b3 Bb7 25. Nec3 Bxd5 26. Nxd5 Qe6 27.
Rd2 Nf7 28. Qd1 g5 29. Qf3 Nh6 30. Kg3 Nf7 31. Qf5 Qxf5 32. Ne7+ Kh7 33.
exf5 Nf8 34. Bd5 Rd7 35. Bxf7 Rxe7 36. Bd5 Rc8 37. Rh2 1-0

[Event "41st WGM"]
[Site "Belgrade SRB"]
[Date "2009.03.09"]
[Round "7"]
[White "Eric,J"]
[Black "Petrenko,S"]
[Result "1/2-1/2"]
[WhiteElo "2126"]
[BlackElo "2251"]
[EventDate "2009.03.03"]

1. e4 c5 2. Nf3 d6 3. d4 cxd4 4. Nxd4 Nf6 5. Nc3 e5 6. Bb5+ Nbd7 7. Nf5 a6
8. Bxd7+ Qxd7 9. Ne3 Be7 10. Ned5 Nxd5 11. Nxd5 Bd8 12. Be3 O-O 13. O-O f5
14. exf5 Qxf5 15. Bb6 Qd7 16. c4 Kh8 17. b3 Qc6 18. Bxd8 Rxd8 19. Qd2 Be6
20. Rfd1 Rf8 21. Rac1 Rf7 22. f3 Rd8 23. b4 h6 24. Kh1 Kg8 25. Qe3 Bxd5 26.
Rxd5 b5 27. Qd3 Rf4 28. c5 Rxb4 29. Rd1 Rd4 30. Rxd4 exd4 31. Qxd4 d5 32.
h3 Qe6 33. Rc1 Rc8 34. Rd1 Rd8 35. Rc1 Rc8 36. Rd1 Rd8 1/2-1/2

[Event "41st WGM"]
[Site "Belgrade SRB"]
[Date "2009.03.09"]
[Round "7"]
[White "Voiska,M"]
[Black "Benderac,A"]
[Result "1/2-1/2"]
[WhiteElo "2339"]
[BlackElo "2304"]
[EventDate "2009.03.03"]

1. c4 g6 2. Nc3 Bg7 3. g3 d6 4. Bg2 e5 5. e3 Nc6 6. Nge2 Be6 7. d4 exd4 8.
Nxd4 Bd7 9. Nxc6 Bxc6 10. Nd5 Ne7 11. Qc2 O-O 12. O-O Bxd5 13. cxd5 c5 14.
dxc6 bxc6 15. Bd2 Qb6 16. Bc3 Qc5 17. Rac1 Bxc3 18. Qxc3 Qxc3 19. Rxc3 Rab8
20. b3 Rb6 21. Rd1 Rd8 22. Rc2 f5 23. Rd4 Kf7 24. g4 d5 25. gxf5 gxf5 26.
Ra4 Rb7 27. Bf3 Rd6 28. Rc5 Rg6+ 29. Kf1 Ke6 30. Rca5 Nc8 31. Be2 Rbg7 32.
Bd3 Rg1+ 33. Ke2 R1g4 34. Rxg4 Rxg4 35. Ra6 Ne7 36. Rxa7 Rh4 37. a4 Rxh2
38. a5 Rh1 39. a6 Ra1 40. Ra8 Kd6 41. Rh8 Ra2+ 42. Kf1 Ra3 43. Ke2 d4 44.
Rd8+ Kc7 45. Rxd4 Rxb3 46. Rh4 Ra3 47. Rxh7 Kd6 48. Rh8 Nd5 49. Rh6+ Kc5
50. Rh5 Kb6 51. Rxf5 Nb4 52. Bc4 Nxa6 53. Bxa6 Rxa6 54. Rf8 Kb5 55. Rb8+
Kc4 56. f4 c5 57. Kf3 Rc6 58. f5 Kd5 59. Kf4 c4 60. Rb5+ Kd6 61. e4 c3 62.
e5+ Kc7 63. Rb1 c2 64. Rc1 Kd7 65. Ke4 Ke7 66. Kd5 Rc8 67. f6+ Kf7 68. Kd6
Rd8+ 69. Kc5 Ke6 70. Kc4 Kxe5 1/2-1/2

[Event "41st WGM"]
[Site "Belgrade SRB"]
[Date "2009.03.09"]
[Round "7"]
[White "Cosma,E"]
[Black "Djukic,Sa"]
[Result "1-0"]
[WhiteElo "2343"]
[BlackElo "2196"]
[EventDate "2009.03.03"]

1. d4 Nf6 2. Nf3 c5 3. d5 b5 4. Bg5 Ne4 5. Bh4 Bb7 6. a4 Qa5+ 7. Nbd2 Nxd2
8. Nxd2 Bxd5 9. e4 Bb7 10. axb5 Qc7 11. Bd3 g6 12. Nc4 Bg7 13. O-O d6 14.
Rxa7 Nd7 15. Rxa8+ Bxa8 16. Qa1 Qb8 17. Qa4 O-O 18. Bxe7 Re8 19. Bxd6 Qd8
20. Qa5 Qf6 21. Qc7 Qe6 22. b6 Nxb6 23. Qxb6 Bxe4 24. Bxe4 Qxe4 25. Ne3 1-0

[Event "41st WGM"]
[Site "Belgrade SRB"]
[Date "2009.03.10"]
[Round "8"]
[White "Maksimovic,S"]
[Black "Chelushkina,I"]
[Result "1-0"]
[WhiteElo "2284"]
[BlackElo "2359"]
[EventDate "2009.03.03"]

1. d4 Nf6 2. c4 e6 3. Nf3 c5 4. d5 b5 5. Bg5 Qa5+ 6. Qd2 Qxd2+ 7. Nbxd2
bxc4 8. e4 exd5 9. Bxf6 gxf6 10. exd5 d6 11. Bxc4 Nd7 12. Bb5 Kd8 13. Bxd7
Bxd7 14. O-O Rg8 15. Rfe1 f5 16. Nc4 Kc7 17. Rac1 Bh6 18. Rc3 Rge8 19. Rxe8
Rxe8 20. Ra3 Bb5 21. Ne3 a6 22. g3 Be2 23. Kg2 Bg7 24. Rb3 c4 25. Rb4 a5
26. Ra4 Rxe3 27. fxe3 Bxb2 28. Kf2 Bd3 29. Ne1 Be4 30. Rxc4+ Kd7 31. Nc2
Bxd5 32. Ra4 Bc3 33. Ra3 Bb4 34. Nxb4 axb4 35. Ra4 Kc6 36. Rxb4 1-0

[Event "41st WGM"]
[Site "Belgrade SRB"]
[Date "2009.03.10"]
[Round "8"]
[White "Meenakshi,Sub"]
[Black "Djukic,Sa"]
[Result "1-0"]
[WhiteElo "2327"]
[BlackElo "2196"]
[EventDate "2009.03.03"]

1. d4 Nf6 2. Nf3 c5 3. d5 g6 4. Nc3 Bg7 5. g3 O-O 6. Bg2 d6 7. O-O Na6 8.
Nd2 Nc7 9. a4 a6 10. Nc4 b5 11. axb5 axb5 12. Rxa8 Nxa8 13. Nxb5 Ba6 14.
Nca3 Nb6 15. b3 Qd7 16. c4 Rb8 17. e4 Na8 18. Re1 Nc7 19. Bf1 Nfe8 20. Qd2
e6 21. Bb2 Bxb2 22. Qxb2 Bxb5 23. Nxb5 Nxb5 24. dxe6 fxe6 25. cxb5 Nc7 26.
b4 c4 27. Bxc4 Nxb5 28. Qf6 Nc7 29. Ra1 d5 30. exd5 exd5 31. Ba2 Rxb4 32.
Re1 Qf5 33. Qd8+ 1-0

[Event "41st WGM"]
[Site "Belgrade SRB"]
[Date "2009.03.10"]
[Round "8"]
[White "Benderac,A"]
[Black "Cosma,E"]
[Result "1/2-1/2"]
[WhiteElo "2304"]
[BlackElo "2343"]
[EventDate "2009.03.03"]

1. d4 d5 2. Nf3 c6 3. e3 Bf5 4. Bd3 Bxd3 5. Qxd3 Nd7 6. O-O e6 7. b3 Ngf6
8. c4 Be7 9. Nbd2 O-O 10. Bb2 Re8 11. h3 Bf8 12. e4 dxe4 13. Nxe4 Nxe4 14.
Qxe4 Nf6 15. Qc2 1/2-1/2

[Event "41st WGM"]
[Site "Belgrade SRB"]
[Date "2009.03.10"]
[Round "8"]
[White "Rakic,Ma"]
[Black "Eric,J"]
[Result "1-0"]
[WhiteElo "2284"]
[BlackElo "2126"]
[EventDate "2009.03.03"]

1. d4 d5 2. c4 e6 3. Nc3 c6 4. cxd5 exd5 5. Nf3 Bd6 6. Bg5 Qb6 7. Qd2 Ne7
8. e3 Bf5 9. Be2 O-O 10. O-O Nd7 11. Bh4 Bg6 12. Bg3 Nf5 13. Nh4 Bxg3 14.
hxg3 Nd6 15. g4 Qd8 16. Nxg6 hxg6 17. f4 f5 18. g5 Qe7 19. Bd3 a5 20. g4
Nb6 21. b3 a4 22. gxf5 gxf5 23. Kf2 g6 24. Rh1 axb3 25. axb3 Kg7 26. Rae1
Rh8 27. Kf3 Qe6 28. Qc1 Ne4 29. Ne2 Qe7 30. Bxe4 Qxe4+ 31. Kf2 Rxh1 32.
Rxh1 Ra2 33. Rd1 Nc8 34. Rd2 Rxd2 35. Qxd2 Nd6 36. Qa5 Qe7 37. Ng3 Nb5 38.
Kf3 Nc7 39. Qa7 Nb5 40. Qb8 Nd6 41. Kf2 Nf7 42. Nf1 Qb4 43. Qc7 Qxb3 44.
Qe7 Qc2+ 45. Kg1 Kg8 46. Qe6 Qe4 47. Qxg6+ Kf8 48. Qh7 Qf3 49. Qxf5 Kg7 50.
Qd7 b5 51. Qxc6 b4 52. Qf6+ Kg8 53. Qg6+ Kf8 54. Qb6 Qg4+ 55. Kf2 Qh4+ 56.
Ke2 Qg4+ 57. Kf2 Qh4+ 58. Ng3 Qh2+ 59. Kf3 Qd2 60. Qb8+ Kg7 61. Nf5+ Kh7
62. g6+ Kxg6 63. Qg8+ Kf6 64. Qg7+ Ke6 65. Qg6+ Kd7 66. Qxf7+ Kc6 67. Qe8+
Kc7 68. Qe7+ Kb6 69. Qc5+ Ka6 70. Nd6 Qd1+ 71. Kg3 Qg1+ 72. Kh4 Qh2+ 73.
Kg5 Qg3+ 74. Kf5 Qh3+ 75. Kf6 Qh8+ 76. Ke7 Qh7+ 77. Kd8 b3 78. Qc6+ Ka7 79.
Nb5+ Kb8 80. Qc8+ 1-0

[Event "41st WGM"]
[Site "Belgrade SRB"]
[Date "2009.03.11"]
[Round "9"]
[White "Cosma,E"]
[Black "Petrenko,S"]
[Result "1/2-1/2"]
[WhiteElo "2343"]
[BlackElo "2251"]
[EventDate "2009.03.03"]

1. d4 d5 2. c4 e6 3. Nf3 Nf6 4. g3 c6 5. Qc2 Be7 6. Bg2 O-O 7. O-O Ne4 8.
b3 f5 9. Ba3 Bxa3 10. Nxa3 Bd7 11. Qb2 Be8 12. Nc2 Nd7 13. Nce1 g5 14. Nd3
1/2-1/2

[Event "41st WGM"]
[Site "Belgrade SRB"]
[Date "2009.03.11"]
[Round "9"]
[White "Chelushkina,I"]
[Black "Meenakshi,Sub"]
[Result "1/2-1/2"]
[WhiteElo "2359"]
[BlackElo "2327"]
[EventDate "2009.03.03"]

1. c4 e5 2. g3 d6 3. Bg2 g6 4. Nc3 Bg7 5. d3 f5 6. e3 Nf6 7. Nge2 c6 8. a4
a5 9. d4 O-O 10. O-O Na6 11. b3 e4 12. f3 exf3 13. Bxf3 Re8 14. Nf4 Qb6 15.
Ra2 Bd7 16. Re2 Nb4 17. Ng2 Re7 18. Bb2 Rae8 19. Ref2 Kh8 20. Kh1 h5 21.
Ne2 Kh7 22. Nef4 d5 23. cxd5 Nbxd5 24. Nxd5 Nxd5 25. Bxd5 cxd5 26. Bc1 Qd6
27. Rc2 b6 28. Bd2 Qa3 29. Rc7 b5 30. Bxa5 bxa4 31. bxa4 Bxa4 32. Qa1 Qxa1
33. Rxa1 Rxc7 34. Bxc7 Bc2 35. Kg1 Re7 36. Ra7 Be4 37. Nf4 Bh6 38. h4 Bxf4
39. gxf4 Rd7 1/2-1/2

[Event "41st WGM"]
[Site "Belgrade SRB"]
[Date "2009.03.11"]
[Round "9"]
[White "Djukic,Sa"]
[Black "Benderac,A"]
[Result "1/2-1/2"]
[WhiteElo "2196"]
[BlackElo "2304"]
[EventDate "2009.03.03"]

1. Nf3 c5 2. c4 Nc6 3. g3 g6 4. Bg2 Bg7 5. O-O d6 6. Nc3 Nf6 7. d3 O-O 8.
h3 a6 9. Rb1 Bd7 10. e4 Rb8 11. Be3 b5 12. b3 bxc4 13. bxc4 Rxb1 14. Qxb1
Qc7 15. a3 Rb8 16. Qc2 1/2-1/2

[Event "41st WGM"]
[Site "Belgrade SRB"]
[Date "2009.03.11"]
[Round "9"]
[White "Voiska,M"]
[Black "Rakic,Ma"]
[Result "0-1"]
[WhiteElo "2339"]
[BlackElo "2284"]
[EventDate "2009.03.03"]

1. d4 Nf6 2. Nf3 e6 3. c4 b6 4. g3 Ba6 5. Qc2 Bb7 6. Bg2 c5 7. d5 exd5 8.
cxd5 Bxd5 9. Nc3 Bc6 10. O-O Be7 11. e4 d6 12. Rd1 Qc7 13. Bf4 Nh5 14. Bg5
O-O 15. Nd5 Bxd5 16. Rxd5 Nf6 17. Bxf6 Bxf6 18. Rad1 Be5 19. Nxe5 dxe5 20.
Qc4 a5 21. Rd6 Nc6 22. Rd7 Qb8 23. Qd5 Nd4 24. Rf1 Qe8 25. Rd6 Rb8 26. f4
exf4 27. gxf4 Rd8 28. Rxd8 Qxd8 29. Qc4 Ne6 30. e5 Qd4+ 31. Qxd4 Nxd4 32.
Kf2 Rd8 33. Be4 g6 34. Rc1 f6 35. exf6 Kf7 36. Re1 Kxf6 37. Re3 Ne6 38. Rb3
Rd6 39. Ke3 Nd4 40. Rd3 Re6 41. Rd2 Nf5+ 42. Kf3 Nd6 43. Bd3 Re1 44. Bxg6
Nc4 45. Rc2 Rf1+ 46. Ke2 Rxf4 47. Bd3 Ne5 48. Bxh7 Rh4 49. Bg8 Rxh2+ 50.
Kd1 Rh1+ 51. Ke2 Nc6 52. Ke3 Ke5 53. Rg2 Rh3+ 54. Kd2 Nd4 55. Bc4 a4 56.
Bf1 Rh1 57. Rf2 Rg1 58. a3 b5 59. Rf8 b4 60. Kd3 bxa3 61. bxa3 Rg3+ 62. Kc4
Rxa3 63. Ra8 Ne6 64. Be2 Ra1 65. Bg4 Rc1+ 66. Kd3 Nf4+ 67. Kd2 Rc4 68. Bd1
Rd4+ 69. Kc1 Nd3+ 70. Kb1 Rb4+ 71. Ka2 Nb2 72. Bc2 Kd4 73. Bg6 Kc3 74. Rh8
c4 75. Rh3+ Nd3 76. Ka3 Rb6 0-1

[Event "41st WGM"]
[Site "Belgrade SRB"]
[Date "2009.03.11"]
[Round "9"]
[White "Eric,J"]
[Black "Maksimovic,S"]
[Result "1/2-1/2"]
[WhiteElo "2126"]
[BlackElo "2284"]
[EventDate "2009.03.03"]

1. Nf3 Nf6 2. g3 g6 3. Bg2 Bg7 4. O-O O-O 5. d4 d5 6. b3 c6 7. Bb2 a5 8. c4
Na6 9. Nc3 e6 10. e3 Nc7 1/2-1/2